00637nam a2200193Ia 4500001000700000003000500007008004100012010001100053040000900064082002000073245010100093260006800194300001100262503001800273650003200291650003700323700003500360710004800395Z_6210CHAP220113s1983 xx 000 0 und d a169453 cCHAP a636.08 P36 1983 aPanorama de la ganaderia mexicana: aspectos estructurales /cEduardo Soto Izquierdo...[et. al.] aMéxico :bCentro Nacional de Investigaciones Agrarias,c1983 a359 p. aej.1- ej.3: ? aGanaderíaxCríaxMexico aIndustria agropecuariaxMéxico aSoto Izquierdo, Eduardo, auto. aCentro Nacional de Investigaciones Agrarias